Přímá podpora jako nástroj pro efektivní hospodaření se srážkovou vodou

Hľadanie nových nástrojov a postupov na efektívne hospodárenie s dažďovou vodou je nevyhnutné, pričom už teraz je možné použiť mnoho rôznych nástrojov a opatrení. Jeden z dôležitých ekonomických nástrojov je priama podpora vo forme projektov, ktoré finančne podporujú moderné a zároveň udržateľné pos...

Ausführliche Beschreibung

Gespeichert in:
Bibliographische Detailangaben
1. Verfasser: Hejduková, Pavlína
Weitere Verfasser: Kureková, Lucie
Format: Buchkapitel
Sprache:Tschechisch
Schlagworte:
Tags: Tag hinzufügen
Keine Tags, Fügen Sie das erste Tag hinzu!

MARC

LEADER 00000naa a2200000 4500
001 0291129
005 20240417075226.9
041 0 |a cze 
044 |a CZ 
245 1 0 |a Přímá podpora jako nástroj pro efektivní hospodaření se srážkovou vodou  |c Pavlína Hejduková, Lucie Kureková 
520 |a Hľadanie nových nástrojov a postupov na efektívne hospodárenie s dažďovou vodou je nevyhnutné, pričom už teraz je možné použiť mnoho rôznych nástrojov a opatrení. Jeden z dôležitých ekonomických nástrojov je priama podpora vo forme projektov, ktoré finančne podporujú moderné a zároveň udržateľné postupy hospodárenia s dažďovou vodou. Priama podpora, ktorá sa poskytuje a používa v Českej republike. 
610 2 0 |a vodárenstvo 
610 2 0 |a voda 
610 2 0 |a voda povrchová 
610 2 0 |a zmeny klimatické 
610 2 0 |a podpora štátna 
610 2 0 |a prostredie životné 
610 2 0 |a manažment 
100 1 |a Hejduková, Pavlína 
700 1 |a Kureková, Lucie